[Event "SVK-chT4A21 1314"]
[Site "Slovakia"]
[Date "2014.02.09"]
[Round "8.5"]
[White "Divinec, Peter"]
[Black "Kosiarcik, Maximilian"]
[Result "0-1"]
[WhiteElo "1292"]
[BlackElo "1239"]
[PlyCount "112"]
[EventDate "2013.10.06"]
[EventType "team-tourn"]
[EventRounds "11"]
[EventCountry "SVK"]
[SourceTitle "EXT 2022"]
[Source "ChessBase"]
[SourceDate "2021.10.06"]
[SourceVersion "1"]
[SourceVersionDate "2021.10.06"]
[SourceQuality "1"]
[WhiteTeam "Piestany Kupele II"]
[BlackTeam "Vrbove II"]
[WhiteTeamCountry "SVK"]
[BlackTeamCountry "SVK"]

1. e4 c6 2. d4 d5 3. e5 Bf5 4. Bd3 Bg6 5. Bxg6 hxg6 6. Nf3 e6 7. Nc3 c5 8. dxc5 Bxc5 9. Qd3 Nc6 10. Qb5 Bb6 11. Bg5 Qc7 12. Qe2 Ba5 13. 0-0 Bxc3 14. bxc3 Na5 15. Rfd1 Nc4 16. Rab1 Ne7 17. Bxe7 Kxe7 18. Re1 b6 19. Nd2 Rac8 20. Nxc4 Qxc4 21. Qxc4 Rxc4 22. Rb3 Rhc8 23. Ra3 R8c7 24. Re3 Kd7 25. Kf1 Kc6 26. Ke1 Kb5 27. Kd2 Ra4 28. Rb3+ Ka5 29. a3 Rh4 30. h3 Rhc4 31. Rd3 Re4 32. Re3 Rf4 33. f3 Ra4 34. Rd3 Rc5 35. Rd4 Rb5 36. Rdb4 Rc5 37. Kd3 Rc4 38. Rb5+ Ka6 39. R5b4 Kb7 40. Rxa4 Rxa4 41. Rb4 Rxa3 42. Rf4 a5 43. Rxf7+ Kc6 44. Re7 b5 45. Rxe6+ Kc5 46. Rxg6 d4 47. Rxg7 Rxc3+ 48. Kd2 Re3 49. f4 a4 50. c3 Rxc3 51. Rc7+ Kb4 52. Rxc3 dxc3+ 53. Kc2 a3 54. e6 a2 55. e7 a1Q 56. e8Q Qb2+ 0-1

[Event "SVK-chT3A2 1213"]
[Site "Slovakia"]
[Date "2013.02.24"]
[Round "9.2"]
[White "Drahos, Miroslav"]
[Black "Divinec, Peter"]
[Result "0-1"]
[WhiteElo "1652"]
[BlackElo "1234"]
[PlyCount "134"]
[EventDate "2012.10.07"]
[EventType "team-tourn"]
[EventRounds "11"]
[EventCountry "SVK"]
[SourceTitle "EXT 2015"]
[Source "ChessBase"]
[SourceDate "2014.11.20"]
[SourceVersion "1"]
[SourceVersionDate "2014.11.20"]
[SourceQuality "1"]
[WhiteTeam "Trnava Lokomotiva Solartec IV"]
[BlackTeam "Piestany Kupele II"]
[WhiteTeamCountry "SVK"]
[BlackTeamCountry "SVK"]

1. e4 e5 2. Nf3 Nc6 3. Bb5 a6 4. Ba4 Nf6 5. 0-0 Be7 6. Re1 0-0 7. Bxc6 dxc6 8. h3 Bd6 9. Nc3 b6 10. d3 h6 11. Be3 c5 12. Qd2 Bb7 13. Bxh6 gxh6 14. Qxh6 Nh7 15. Nh4 Qg5 16. Qxg5+ Nxg5 17. Re3 f6 18. Nf5 Kf7 19. h4 Ne6 20. Rg3 Rh8 21. Re1 Rag8 22. Ree3 Ng7 23. Rxg7+ Rxg7 24. Nxg7 Kxg7 25. g3 b5 26. Re1 c6 27. Nd1 Bc8 28. Ne3 Be6 29. Kg2 c4 30. dxc4 bxc4 31. Rd1 Rd8 32. g4 Be7 33. Rxd8 Bxd8 34. f3 a5 35. c3 Be7 36. h5 Bf8 37. Kf1 Kh7 38. Ke2 Bh6 39. Kf2 Bf4 40. Ke2 Kh6 41. Kf2 Kg5 42. Ke2 Kh4 43. Nd1 a4 44. a3 Bxg4 45. fxg4 Kxg4 46. Kf2 Bc1 47. Kg2 Kxh5 48. Kf3 Kh4 49. Ke2 Kg4 50. Ne3+ Kf4 51. Nxc4 Kxe4 52. Kd1 Be3 53. Ke2 Bc5 54. Nd2+ Kf5 55. Kf3 Ke6 56. Nc4 Bd6 57. Nd2 f5 58. Nc4 Bc5 59. Nd2 Kd5 60. Ke2 e4 61. Nf1 f4 62. Nd2 Be3 63. c4+ Kd4 64. Nb1 Bc1 65. Nc3 Bxb2 66. Nxa4 Bxa3 67. c5 Bxc5 0-1